Biblioteca

La oración sacerdotal de Jesús : (Registro nro. 71223)

Detalles MARC
000 -LÍDER
Campo fijo de descripción fija 02248nam a2200349 i 4500
001 - NÚMERO DE CONTROL
Campo de control 768714001
003 - IDENTIFICADOR DEL NÚMERO DE CONTROL
Campo de control CO-MdFUSB
005 - FECHA Y HORA DE LA ULTIMA TRANSACCIÓN
control field 20260504154311.0
007 - CAMPO FIJO DE DESCRIPCIÓN FIJA--INFORMACIÓN GENERAL
Campo fijo de descripción fija ta
008 - ELEMENTOS DE LONGITUD FIJA -- INFORMACIÓN GENERAL
Campo fijo de descripción fija -- Información general 241118t2001 sp ||||| |||| 001 0 spa d
020 ## - NÚMERO INTERNACIONAL NORMALIZADO PARA LIBROS
Número Internacional Normalizado del libro 84-8267-231-2
040 ## - FUENTE DE CATALOGACIÓN
Idioma de catalogación spa.
Agencia de catalogación original CO-MdFUSB
Agencia que realiza la transcripción CO-MdFUSB
Agencia que realiza la modificación CO-MdFUSBC
Convenciones de la descripción rda
041 ## - CÓDIGO DE IDIOMA
Código de idioma para texto/pista de sonido o título separado spa
082 ## - NÚMERO DE CLASIFICACIÓN DECIMAL DEWEY
Número de la edición del Dewey 23
Número de clasificación 226.507
Clave de autor-Numero de item G643
100 ## - ASIENTO PRINCIPAL--NOMBRE PERSONAL
Nombre personal González Moreno, Félix
Fechas asociadas con el nombre 1953-
Término relacionador autor
245 13 - TÍTULO
Título del Material La oración sacerdotal de Jesús :
Parte restante del título - Subtitulo una exposición de Juan 17
Mención de responsabilidad, etc. / Félix González Moreno
264 #1 - PRODUCCIÓN, PUBLICACIÓN, DISTRIBUCIÓN, MANUFACTURA, Y COPYRIGHT
Lugar de producción, publicación, distribución, manufactura Barcelona, España :
Nombre del productor, publicador, distribuidor Clie,
Fecha de producción, publicación, distribución, manufactura, o copyright [2001]
264 #4 - PRODUCCIÓN, PUBLICACIÓN, DISTRIBUCIÓN, MANUFACTURA, Y COPYRIGHT
Fecha de producción, publicación, distribución, manufactura, o copyright ©2001
300 ## - DESCRIPCIÓN FÍSICA
Extensión 251 páginas
Dimensiones ; 20 cm
336 ## - TIPO DE CONTENIDO
Fuente rdacontent
Término de tipo de contenido texto
Código de tipo de contenido txt
337 ## - TIPO DE MEDIO
Fuente rdamedia
Nombre del tipo de medio sin mediación
Código del tipo de medio n
338 ## - TIPO DE SOPORTE
Fuente rdacarrier
Nombre del tipo de soporte volumen
Código Tipo de soporte nc
500 ## - NOTA GENERAL
Nota General Incluye índice
505 ## - NOTA DE CONTENIDO
Nota de contenido con formato preestablecido Estas cosas habló Jesús (17:1).-- La hora decisiva (17:1).-- Poder sobre toda carne (17:2-3).-- Yo te he glorificado (17:4).-- El ruego del Hijo (17:5).-- La revelación del nombre de Dios (17:6).-- Mi padre me los dio (17:6).-- Elección (17:6).-- Han guardado tu palabra (17:6).-- El conocimiento más excelente (17:7).-- El don de la palabra (17:8).-- Recibiendo la palabra (17:8).-- Una maravillosa intercesión (17:9).-- Eterna propiedad del padre (17:9).-- Mío y tuyo (17:10).-- Glorificando a Jesucristo (17:10).-- Ya no estoy en el mundo (17:11).-- Padre santo (17:11).-- Protección (17:11).-- Uno, así como nosotros (17:11).-- La divina providencia (17:12).-- Ninguno se perdió (17:12).-- Una oración por felicidad (17:13).-- Un don que establece diferencias (17:14).-- Los cristianos en el mundo (17:15).-- Guárdalos del malo (17:15).-- No son del mundo (17:16).-- Santificación en la verdad (17:17).-- Enviados al mundo (17:18).-- Santificados en Jesús (17:19).-- Una oración profética (17:20).-- Para que todos sean uno (17:21).-- Dios en nosotros (17:22-23).-- Orando por la culminación (17:24).-- ¡Padre justo! (17:25).-- El nombre de Dios (17:26).
563 ## - NOTA DE ENCUADERNACIÓN
Nota de encuadernación Rústico
630 07 - TITULO UNIFORME
Título uniforme Biblia.
Nombre de parte o sección de la obra Juan
653 ## - TÉRMINO DE INDIZACIÓN - NO CONTROLADO
Término no controlado Biblia. Juan XVII — Comentarios
653 ## - TÉRMINO DE INDIZACIÓN - NO CONTROLADO
Término no controlado Evangelio según Juan — Exégesis
653 ## - TÉRMINO DE INDIZACIÓN - NO CONTROLADO
Término no controlado Oración sacerdotal de Jesús — Interpretación
942 ## - TIPO DE MATERIAL (KOHA)
Tipo de Item KOHA Libros General
945 ## - INFORMACIÓN LOCAL DEL REGISTRO
Catalogador Catherine Arias Alvarez
Existencias
Estado de Material Estado de Perdido Forma de Clasificación Volumen-Parte/Tomo Estado de Dañado No para Préstamo Colección Biblioteca de Origen Biblioteca Permanente Fecha de Adquisición Área Total de Préstamos Signatura Topográfica Código de Barras Última vez visto Ejemplar/Existencia Fecha de Remplazo Tipo de Material
    Dewey Decimal Classification       Colección General Biblioteca FUSBC Biblioteca FUSBC 18/11/2024 BIBLIA   G 226.507 G643o 25306 18/11/2024 Ej. 1 18/11/2024 Libros General

Biblioteca FUSBC | Teléfono: (57+4) 349 88 10 Ext. 141| WhatsApp (+57) 3005338115 
E-mail: biblioteca@unisbc.edu.co | Calle 76 87-14 Robledo Palenque, Medellín, Colombia

Con tecnología Koha